000 00331 a2200145 4500
001 154396
040 _cEscola São Tomás de Aquino
100 _aROCHA, Ruth
240 1 0 _aA escolinha do mar
_lpor
245 1 0 _aA escolinha do mar
362 0 _a2003
440 1 _aÁtica
697 _a*LITERATURA INFANTO JUVENIL
942 _cBK
999 _c154396
_d154396